[Event "Rhein Main op-A 25th"]
[Site "Bad Homburg"]
[Date "2023.06.11"]
[Round "7"]
[White "Dunsbach, Ralf"]
[Black "Bernhard, Sebastian"]
[Result "1-0"]
[WhiteElo "2122"]
[BlackElo "1870"]
[PlyCount "51"]
[EventDate "2023.06.07"]
[EventType "swiss"]
[EventRounds "7"]
[EventCountry "GER"]
[SourceTitle "CBM 215 Extra"]
[Source "ChessBase"]
[SourceDate "2023.09.30"]
[SourceVersion "1"]
[SourceVersionDate "2023.09.30"]
[SourceQuality "1"]

1. Nf3 Nf6 2. g3 d5 3. Bg2 c5 4. 0-0 Nc6 5. d4 e6 6. c4 dxc4 7. Qa4 Bd7 8. Qxc4 b5 9. Qd3 c4 10. Qd1 Be7 11. a4 b4 12. Ne5 Nxe5 13. Bxa8 Qxa8 14. dxe5 Ng4 15. Qd4 h5 16. Nd2 c3 17. bxc3 bxc3 18. Nf3 Bc6 19. Ba3 Bxf3 20. exf3 Nxh2 21. Kxh2 h4 22. Bxe7 Kxe7 23. Qb4+ Ke8 24. Qe4 hxg3+ 25. Kg2 Qd8 26. Qc6+ 1-0

[Event "Rhein Main op-B 18th"]
[Site "Bad Homburg"]
[Date "2015.06.07"]
[Round "7"]
[White "Bernhard, Sebastian"]
[Black "Lang, Michael"]
[Result "1-0"]
[WhiteElo "1912"]
[BlackElo "1864"]
[PlyCount "83"]
[EventDate "2015.06.03"]
[EventType "swiss"]
[EventRounds "7"]
[EventCountry "GER"]
[SourceTitle "CBM 167 Extra"]
[Source "ChessBase"]
[SourceDate "2015.09.14"]
[SourceVersion "1"]
[SourceVersionDate "2015.09.14"]
[SourceQuality "1"]

1. e4 Nf6 2. e5 Nd5 3. d4 d6 4. Nf3 dxe5 5. Nxe5 c6 6. Be2 Bf5 7. a3 Nd7 8. Nf3 e6 9. 0-0 Bd6 10. Re1 0-0 11. c4 Nf4 12. Bf1 Ng6 13. Nc3 e5 14. d5 Nf6 15. Bd3 Bxd3 16. Qxd3 cxd5 17. Nxd5 Nxd5 18. Qxd5 Qc7 19. b4 Ne7 20. Qd3 Rad8 21. Qb3 b6 22. Bb2 Ng6 23. Rac1 Rfe8 24. h3 e4 25. Nd4 Qc8 26. Nb5 Nf4 27. Nxd6 Rxd6 28. Qg3 Nxh3+ 29. Qxh3 Qd8 30. Qg4 Rg6 31. Qf4 Qd3 32. Qe3 Qd7 33. Rcd1 Qg4 34. g3 h5 35. Bc1 h4 36. Qf4 Qh3 37. Re3 Ree6 38. Rd8+ Kh7 39. Qb8 Rg4 40. Rh8+ Kg6 41. Bb2 Re7 42. Qf8 1-0

[Event "Rhein Main op-B 18th"]
[Site "Bad Homburg"]
[Date "2015.06.04"]
[Round "2"]
[White "Sallwey, Rainer"]
[Black "Bernhard, Sebastian"]
[Result "0-1"]
[WhiteElo "1443"]
[BlackElo "1912"]
[PlyCount "48"]
[EventDate "2015.06.03"]
[EventType "swiss"]
[EventRounds "7"]
[EventCountry "GER"]
[SourceTitle "CBM 167 Extra"]
[Source "ChessBase"]
[SourceDate "2015.09.14"]
[SourceVersion "1"]
[SourceVersionDate "2015.09.14"]
[SourceQuality "1"]

1. d4 Nf6 2. Nf3 e6 3. e3 c5 4. c3 b6 5. Be2 Bb7 6. 0-0 Be7 7. b3 0-0 8. Bb2 Nc6 9. Nbd2 d5 10. Rc1 Rc8 11. Re1 Qc7 12. Nf1 Ne4 13. Ng3 f5 14. Nf1 Bd6 15. g3 g5 16. N3d2 Nf6 17. c4 Qe7 18. a3 cxd4 19. cxd5 exd5 20. exd4 Ne4 21. b4 Qf6 22. Nb3 f4 23. f3 fxg3 24. hxg3 Nxg3 0-1

[Event "Rhein Main op-A 16th"]
[Site "Bad Homburg"]
[Date "2013.06.01"]
[Round "6"]
[White "Bernhard, Sebastian"]
[Black "Mussler, Thomas"]
[Result "1/2-1/2"]
[WhiteElo "1905"]
[BlackElo "2090"]
[PlyCount "80"]
[EventDate "2013.05.29"]
[EventType "swiss"]
[EventRounds "7"]
[EventCountry "GER"]
[SourceTitle "EXT 2014"]
[Source "ChessBase"]
[SourceDate "2013.11.20"]
[SourceVersion "1"]
[SourceVersionDate "2013.11.20"]
[SourceQuality "1"]

1. e4 e6 2. d4 d5 3. Nd2 c5 4. Ngf3 Nf6 5. e5 Nfd7 6. c3 Nc6 7. Bd3 Qb6 8. 0-0 cxd4 9. cxd4 Nxd4 10. Nxd4 Qxd4 11. Nf3 Qb6 12. Qa4 Qb4 13. Qc2 Qc5 14. Qe2 Be7 15. Be3 Qa5 16. Qc2 h6 17. a3 0-0 18. b4 Qd8 19. Rfc1 Nb6 20. Nd4 a6 21. Nb3 Nc4 22. Bxc4 dxc4 23. Qxc4 Bd7 24. Qg4 f5 25. exf6 Bxf6 26. Ra2 e5 27. Qc4+ Kh8 28. Nc5 Bc6 29. Rd2 Qe7 30. Ne4 Rfd8 31. Rcd1 Rxd2 32. Rxd2 Rd8 33. Nxf6 Qxf6 34. Rxd8+ Qxd8 35. Qc1 Qd5 36. f3 Qd3 37. Kf2 Qf5 38. Qc5 Kh7 39. Qc3 h5 40. Qc5 Kg6 1/2-1/2

[Event "Rheinland Pfalz op 3rd"]
[Site "Gau Algesheim"]
[Date "2011.07.28"]
[Round "1"]
[White "Bernhard, Sebastian"]
[Black "Schild, Christoph"]
[Result "0-1"]
[WhiteElo "1828"]
[BlackElo "2283"]
[PlyCount "104"]
[EventDate "2011.07.28"]
[EventType "swiss"]
[EventRounds "7"]
[EventCountry "GER"]
[SourceTitle "EXT 2013"]
[Source "ChessBase"]
[SourceDate "2012.11.22"]
[SourceVersion "1"]
[SourceVersionDate "2012.11.22"]
[SourceQuality "1"]

1. e4 e6 2. d4 d5 3. Nc3 dxe4 4. Nxe4 Nd7 5. Nf3 Ngf6 6. Bd3 Be7 7. Neg5 Bd6 8. Qe2 h6 9. Nh3 c5 10. c3 cxd4 11. cxd4 g5 12. Ne5 Nxe5 13. dxe5 Qa5+ 14. Bd2 Qxe5 15. Bc3 Qxe2+ 16. Kxe2 Ke7 17. f3 Rd8 18. Rac1 Nd5 19. Bd2 Bd7 20. g3 Rac8 21. a3 Be5 22. Rb1 Ba4 23. b3 Be8 24. Nf2 Bc3 25. Bc1 Bd4 26. Nd1 f6 27. h4 Nc3+ 28. Nxc3 Rxc3 29. Bd2 Rxd3 30. Kxd3 Bg6+ 31. Ke2 Bxb1 32. Bb4+ Kf7 33. Rxb1 gxh4 34. gxh4 h5 35. Rc1 Bb6 36. a4 a5 37. Bc5 Rc8 38. Be3 Rxc1 39. Bxc1 Kg6 40. Bd2 Kf5 41. Bc3 e5 42. Bd2 Ke6 43. Be1 Kd5 44. Kd3 f5 45. Bd2 Bd8 46. Be1 e4+ 47. fxe4+ fxe4+ 48. Ke3 Ke5 49. Bc3+ Kf5 50. Be1 Bb6+ 51. Ke2 Kg4 52. Kf1 Kf3 0-1